KOHA-Header-6

مادر ملّت محترمہ فاطمہ جناح (Record no. 13564)

000 -LEADER
fixed length control field 00491nam a22001217a 4500
082 ## - DEWEY DECIMAL CLASSIFICATION NUMBER
Classification number 954.90
Item number ن ج م
100 ## - MAIN ENTRY--AUTHOR NAME
Personal name صفدر علی نجمی
245 ## - TITLE STATEMENT
Title مادر ملّت محترمہ فاطمہ جناح
Remainder of title شخصیت اور افکار
260 ## - PUBLICATION, DISTRIBUTION, ETC. (IMPRINT)
Place of publication کراچی
Name of publisher یونیورسل پبلشرز
Year of publication ٢٠٠٣
300 ## - PHYSICAL DESCRIPTION
Number of Pages ١٦٠ صفحات
650 ## - SUBJECT ADDED ENTRY--TOPICAL TERM
Topical Term Personality, Fatima Jinnah, Leader, Women, Madar e Millat muhtarma Fatima Jinnah,, Shakhsiyat or ifkar, Safdar Ali Najmi
942 ## - ADDED ENTRY ELEMENTS (KOHA)
Koha item type Books
Holdings
Withdrawn status Lost status Collection code Permanent Location Current Location Shelving location Date acquired Full call number Accession Number Koha item type
    Urdu Literature MAJU MAJU Shelf No.A11 2022-12-16 954.90 ن ج م 10698 Books

Powered by Koha